Comunicación entre grupos el método del cassette-foro /
Saved in:
| Main Author: | |
|---|---|
| Format: | Unknown |
| Language: | Spanish |
| Published: |
Otawa:
International Development Research Centre, IDRC Centro Internacional de Investigaciones para el Desarrollo, CIID
|
| Series: | IDRC-TS
45 |
| Subjects: | |
| Tags: |
Add Tag
No Tags, Be the first to tag this record!
|
MARC
| LEADER | 00000 a2200000 04500 | ||
|---|---|---|---|
| 001 | 48400 | ||
| 003 | cru CIDCACS/IIS | ||
| 005 | 20190425092916.0 | ||
| 008 | 050606s1984 -cnao spa d | ||
| 999 | |c 14324 |d 14324 | ||
| 020 | |a 0-88936-393-5 | ||
| 022 | |a 0-88936-393-5 | ||
| 040 | |c cru CIDCACS/IIS | ||
| 090 | |a 08.16.03 K17c | ||
| 100 | |a Kaplún, Mario | ||
| 245 | |a Comunicación entre grupos |b el método del cassette-foro / |c Mario Kaplún | ||
| 260 | |a Otawa: |b International Development Research Centre, IDRC |b Centro Internacional de Investigaciones para el Desarrollo, CIID | ||
| 300 | |a 111 páginas |b il. |b fotografías | ||
| 440 | |a IDRC-TS |v 45 | ||
| 500 | |a Colección ALFORJA | ||
| 650 | |a COMUNICACION | ||
| 650 | |2 Macrothesauro de la OCDE/ | ||
| 650 | |a COMUNICACION DE MASAS | ||
| 650 | |2 Macrothesauro de la OCDE/ | ||
| 650 | |a PARTICIPACION SOCIAL | ||
| 650 | |2 Macrothesauro de la OCDE/ | ||
| 650 | |a DESARROLLO DE LA COMUNIDAD | ||
| 650 | |2 Macrothesauro de la OCDE/ | ||
| 650 | |a ZONAS RURALES | ||
| 650 | |2 Macrothesauro de la OCDE/ | ||
| 650 | |a INNOVACIONES | ||
| 650 | |2 Macrothesauro de la OCDE/ | ||
| 650 | |a EDUCACION DE ADULTOS | ||
| 650 | |2 Macrothesauro de la OCDE/ | ||
| 650 | |a ORGANIZACIONES POPULARES | ||
| 650 | |2 Macrothesauro de la OCDE/ | ||
| 942 | |2 ddc |c LI | ||



